Statistics for Babel by Mumford & Sons - Lyrics Quiz

Click here to take the quiz!

General Stats

  • This quiz has been taken 5 times
  • The average score is 160 of 254

Answer Stats

Answer% Correct
a
100%
Babel!
100%
i
100%
know
100%
my
100%
and
80%
at
80%
but
80%
come
80%
cry
80%
days
80%
down
80%
go
80%
has
80%
hear
80%
heart
80%
i'll
80%
look
80%
me
80%
now
80%
numbered
80%
that
80%
the
80%
time
80%
walls
80%
we
80%
weak
80%
weakness
80%
with
80%
you
80%
along
60%
as
60%
be
60%
believe
60%
born
60%
call
60%
choice
60%
crumbling
60%
ever
60%
everything
60%
grace
60%
home
60%
in
60%
into
60%
is
60%
laughing
60%
mask
60%
of
60%
ride
60%
say
60%
so
60%
son
60%
sons
60%
their
60%
then
60%
thin
60%
to
60%
unborn
60%
voice
60%
without
60%
ain't
40%
all
40%
arms
40%
better
40%
body
40%
breath
40%
'cause
40%
choices
40%
city
40%
cloud
40%
color
40%
done
40%
ears
40%
explain
40%
farce
40%
from
40%
greed
40%
i'm
40%
it
40%
i've
40%
like
40%
lived
40%
love
40%
mountain
40%
nurtured
40%
our
40%
perhaps
40%
pride
40%
sky
40%
slip
40%
spent
40%
stand
40%
stretched
40%
tear
40%
them
40%
they
40%
town
40%
watchman's
40%
well
40%
woo
40%
year
40%
around
20%
ask
20%
been
20%
bloody
20%
glass
20%
gonna
20%
howl
20%
nose
20%
part
20%
play
20%
press
20%
see
20%
up
20%
we've
20%
where
20%
will
20%
winds
20%
your
20%
build
0%
should've
0%
start
0%
was
0%
weaker
0%
you'll
0%

Score Distribution

Percentile by Number Answered

Percent of People with Each Score

Your Score History

You have not taken this quiz